000 00902nam a2200253Ia 4500
003 OSt
005 20221005105159.0
006 a|||||r|||| 00| 0
007 ta
008 221004b |||||||| |||| 00| 0 hin d
020 _a9788179751749 (hbk)
_c500
024 _a101974
037 _b416, 23/03/2010, Swaraj Prakashan
_cTextual
040 _aCRL
_cCRL
_bhin
041 _2hin
_ahin
082 _aO152,6N268x, P8
100 _aकपूर, मस्तराम
245 0 _aनैतिक लोकतंत्र की तलाश
246 _aNaitik lokatantra kī talāsha
260 _aनई दिल्ली
_bअनामिका पब्लिशर्स भारत
_c2008
300 _a348पृ0
_ccm.
942 _hO152,6N268x, P8
_cTEXL
_2cc
999 _c1015021
_d1015021